000 00324nam a2200121 a 4500
005 20140414132112.0
008 110805s19uu xx 00 eng d
050 _aREF 940.537320
_bW67 2006
100 _aWilliams, Bryan
245 _a1000 facts on world war.
260 _aChina :
_bBardfield Press,
_c2006.
999 _c114801
_d114801